00464nam a2200169Ia 4500003000400000005001700004008004100021020001800062040000700080041000800087082001300095100002700108245008800135260004000223300001700263365001400280OSt20220610094606.0210423s2008 xx 000 0 und d a9788126517336 cAL aeng a543 CHAN aCHAPMAN (Norman B),Ed. aAnalytical chemistry by open learning: polarography and other voltammetric methods. aChichesterbJohn Wiley & Sonsc2008 axxii,283bPB b1177cINR